| 000 | 01019nam a22003257a 4500 | ||
|---|---|---|---|
| 001 | BR0201155 | ||
| 003 | BR-BrBNA | ||
| 005 | 20230928101005.0 | ||
| 007 | ta | ||
| 008 | 230509b bl.||||| |||| 00| 0 por d | ||
| 040 |
_aBR-BrBNA _bpor _cBiblioteca Nacional de Agricultura |
||
| 041 | _a(Por) | ||
| 072 | _aL70; L73 | ||
| 090 | _ L70 BR0201155 | ||
| 110 | 1 |
_aSociedade Brasileira de Medicina Veterinaria, Salvador, BA (Brasil) _99764 |
|
| 110 | 1 |
_aSociedade de Medicina Veterinaria da Bahia, Salvador (Brasil) _99865 |
|
| 111 | 1 |
_a16. Congresso Brasileiro de Medicina veterinaria _cSalvador, BA (Brazil) _d22-27 Oct 1978 |
|
| 245 | 1 | _aAnais do 16. Congresso Brasileiro de Medicina Veterinaria | |
| 260 | 3 |
_aSalvador, BA (Brasil): _c1978. |
|
| 300 | _a227 p. | ||
| 650 | _aVeterinaria | ||
| 650 | _aVirose Animal | ||
| 650 | _aBacteria | ||
| 650 | _aParasitose | ||
| 650 | _aZootecnia | ||
| 650 | _aProducao Animal | ||
| 650 | _aDoenca Animal | ||
| 909 |
_a202309 _bLucia _c55 _dLucia Elande |
||
| 942 | _cBK | ||
| 999 |
_c63753 _d63753 |
||